Statistiques concernant Culture Générale - Série 1163

Cliquez ici pour prendre le quiz!

Statistiques générales

  • Ce quiz a été pris 57 fois
  • Le résultat moyen est 4 sur 10

Statistiques - réponses

QuestionRéponse% Correct
Quel chien peut-être "allemand", "des Pyrénées" ou encore "belge", si c'est un malinois ?berger
98%
Quel genre de films, situés principalement dans l'Antiquité, doit son nom à une ancienne tunique féminine grecque ?péplum
78%
Dans quel pays peut-on admirer la Grande Mosquée de Sidi Uqba, à Kairouan ?Tunisie
44%
Quelle plante potagère vivace peut être “violet poivrade” ou “camus de Bretagne” ?artichaut
44%
Comment nomme-t-on l'indice de la Bourse de Tokyo ?Nikkei
42%
Dans le film musical "West Side Story", comment se prénomme la petite amie de Tony incarnée par Natalie Wood ?Maria
36%
Quel est le nom du cheval de Don Quichotte ?Rossinante
32%
En 1949, quelle île, située à l'embouchure du Saint-Laurent, devient la dixième province du Canada ?Terre-Neuve
22%
Dans la mythologie grecque, qui est le dieu du Soleil et de la lumière ?Hélios
18%
Quelle variété d'orange appelle-t-on : "orange amère" ?bigarade
2%

Distribution des résultats

Percentile par nombre de réponses

% des personnes avec chaque résultat

Votre développement - résultats

Vous n’avez pas pris ce quiz